000 00861nas a2200241 454500
001 20535
005 20260407193506.0
008 260407s1976####ag###########|||spa#d
003 AR-UNSa-BCEJYS
040 _aAR-UNSa-BCEJYS
_bspa
_cAR-UNSa-BCEJYS
080 _a369
_xSeguridad social
245 1 0 _aRevista de seguridad social
022 _a0325-4852
264 1 _aBuenos Aires :
_bDirección General de Programación y Legislación
_c1976
310 _aFrecuencia: Trimestral
942 _cSER
590 _aniveau_biblio:s niveau_hierar:1
100 1 _aArgentina. Ministerio de Bienestar Social. Secretaria de Estado de Seguridad Social
700 1 _aGrego, Rubén O.
650 _aSeguridad social
650 _aPolítica social
856 4 1 _uhttps://biblioeco.unsa.edu.ar/pmb/images/revistas/Revista de Seguridad Social.jpg
_yImagen de portada
_qimage/jpeg
999 _c8546
_d8546